[Event "Campeonatos de Espana Universitarios 20"]
[Site "Universidad de Alicante, Spai"]
[Date "2019.04.10"]
[Round "5.6"]
[White "Herrera Delgado, Alejandro"]
[Black "Taboas Rodriguez, Daniel"]
[Result "0-1"]
[WhiteElo "2274"]
[BlackElo "2423"]
[PlyCount "110"]
[EventDate "2019.??.??"]

1. e4 {[%clk 00:39:31]  [%emt 00:00:36]} 1... e6 {
[%clk 00:39:47]  [%emt 00:00:24]} 2. d4 {[%clk 00:39:21]  [%emt 00:00:17]} 2...
d5 {[%clk 00:39:51]  [%emt 00:00:19]} 3. Nc3 {[%clk 00:39:20]  [%emt 00:00:06]}
3... Nf6 {[%clk 00:39:47]} 4. Bg5 {[%clk 00:39:16]} 4... Be7 {[%clk 00:39:51]}
5. e5 {[%clk 00:39:10]  [%emt 00:00:21]} 5... Ne4 {[%clk 00:39:53]} 6. Nxe4 {
[%clk 00:38:45]  [%emt 00:00:20]} 6... Bxg5 {[%clk 00:39:55]  [%emt 00:00:21]}
7. Nxg5 {[%clk 00:38:39]} 7... Qxg5 {[%clk 00:39:58]} 8. c3 {
[%clk 00:38:28]  [%emt 00:00:26]} 8... O-O {[%clk 00:39:36]  [%emt 00:00:21]}
9. Nf3 {[%clk 00:38:08]  [%emt 00:00:16]} 9... Qh6 {
[%clk 00:38:12]  [%emt 00:01:32]} 10. Bd3 {[%clk 00:35:53]  [%emt 00:02:18]}
10... b6 {[%clk 00:38:11]  [%emt 00:00:05]} 11. Qe2 {
[%clk 00:30:39]  [%emt 00:05:19]} 11... a5 {[%clk 00:38:12]  [%emt 00:00:31]}
12. h4 {[%clk 00:30:34]  [%emt 00:00:08]} 12... Ba6 {[%clk 00:38:10]} 13. h5 {
[%clk 00:30:34]} 13... c5 {[%clk 00:32:44]  [%emt 00:05:19]} 14. g3 {
[%clk 00:28:35]  [%emt 00:02:07]} 14... Bxd3 {[%clk 00:31:07]  [%emt 00:02:20]}
15. Qxd3 {[%clk 00:28:34]} 15... Nc6 {[%clk 00:31:10]} 16. a3 {
[%clk 00:27:51]  [%emt 00:00:15]} 16... f6 {[%clk 00:21:01]  [%emt 00:10:15]}
17. Qb5 {[%clk 00:26:50]  [%emt 00:01:04]} 17... Rac8 {
[%clk 00:20:54]  [%emt 00:00:44]} 18. Qxb6 {[%clk 00:25:13]  [%emt 00:01:10]}
18... cxd4 {[%clk 00:16:18]  [%emt 00:04:42]} 19. Nxd4 {
[%clk 00:15:38]  [%emt 00:09:41]} 19... Nxd4 {[%clk 00:15:56]  [%emt 00:00:25]}
20. Qxd4 {[%clk 00:11:32]  [%emt 00:04:11]} 20... Rc4 {
[%clk 00:15:55]  [%emt 00:00:18]} 21. Qd2 {[%clk 00:11:33]} 21... Re4+ {
[%clk 00:15:11]  [%emt 00:00:43]} 22. Kd1 {[%clk 00:11:36]  [%emt 00:00:18]}
22... Qxd2+ {[%clk 00:15:05]} 23. Kxd2 {[%clk 00:11:39]} 23... fxe5 {
[%clk 00:14:51]  [%emt 00:00:12]} 24. Rhf1 {[%clk 00:11:39]  [%emt 00:00:12]}
24... a4 {[%clk 00:09:51]  [%emt 00:05:01]} 25. f3 {
[%clk 00:08:01]  [%emt 00:03:44]} 25... Rc4 {[%clk 00:09:52]  [%emt 00:00:03]}
26. Rae1 {[%clk 00:08:04]  [%emt 00:00:04]} 26... Rf5 {
[%clk 00:08:49]  [%emt 00:01:04]} 27. g4 {[%clk 00:07:46]  [%emt 00:00:23]}
27... Rg5 {[%clk 00:08:51]  [%emt 00:00:35]} 28. Rg1 {[%clk 00:07:46]} 28...
Kf7 {[%clk 00:06:19]  [%emt 00:02:12]} 29. Rb1 {
[%clk 00:05:57]  [%emt 00:01:51]} 29... h6 {[%clk 00:05:46]  [%emt 00:00:41]}
30. b4 {[%clk 00:05:22]  [%emt 00:00:37]} 30... axb3 {
[%clk 00:05:49]  [%emt 00:00:29]} 31. Rxb3 {[%clk 00:05:26]} 31... Ra4 {
[%clk 00:05:53]} 32. Kc2 {[%clk 00:02:18]  [%emt 00:03:12]} 32... Kf6 {
[%clk 00:02:22]  [%emt 00:03:16]} 33. Rb7 {[%clk 00:01:08]  [%emt 00:01:52]}
33... Rxa3 {[%clk 00:02:11]} 34. Rd7 {[%clk 00:01:11]  [%emt 00:00:03]} 34...
g6 {[%clk 00:00:32]  [%emt 00:01:18]} 35. Rh7 {[%clk 00:01:08]  [%emt 00:00:11]
} 35... Ra2+ {[%clk 00:00:25]  [%emt 00:00:22]} 36. Kd3 {[%clk 00:01:06]} 36...
gxh5 {[%clk 00:00:28]} 37. Rxh6+ {[%clk 00:01:08]  [%emt 00:00:03]} 37... Kf7 {
[%clk 00:00:19]  [%emt 00:00:10]} 38. Rxh5 {[%clk 00:00:58]  [%emt 00:00:15]}
38... Rxh5 {[%clk 00:00:24]  [%emt 00:00:38]} 39. gxh5 {[%clk 00:01:01]} 39...
Rh2 {[%clk 00:00:28]} 40. Rg5 {[%clk 00:00:35]  [%emt 00:00:04]} 40... Kf6 {
[%clk 00:00:32]} 41. Rg6+ {[%clk 00:00:37]  [%emt 00:00:04]} 41... Kf5 {
[%clk 00:00:37]} 42. Rh6 {[%clk 00:00:41]} 42... Rh3 {
[%clk 00:00:29]  [%emt 00:00:07]} 43. Ke2 {[%clk 00:00:45]  [%emt 00:00:05]}
43... Rh1 {[%clk 00:00:21]  [%emt 00:00:09]} 44. Rh8 {
[%clk 00:00:45]  [%emt 00:00:29]} 44... e4 {[%clk 00:00:18]} 45. Rf8+ {
[%clk 00:00:22]  [%emt 00:00:16]} 45... Ke5 {[%clk 00:00:15]  [%emt 00:00:39]}
46. f4+ {[%clk 00:00:08]  [%emt 00:00:04]} 46... Kd6 {[%clk 00:00:19]} 47. Rh8
{[%clk 00:00:08]} 47... Kc5 {[%clk 00:00:21]} 48. h6 {[%clk 00:00:09]} 48...
Rh2+ {[%clk 00:00:15]  [%emt 00:00:06]} 49. Ke1 {
[%clk 00:00:10]  [%emt 00:00:03]} 49... Kc4 {[%clk 00:00:18]  [%emt 00:00:03]}
50. h7 {[%clk 00:00:08]  [%emt 00:00:10]} 50... Kd3 {[%clk 00:00:23]} 51. f5 {
[%clk 00:00:07]  [%emt 00:00:04]} 51... e3 {[%clk 00:00:26]  [%emt 00:00:03]}
52. Kf1 {[%clk 00:00:06]  [%emt 00:00:04]} 52... e2+ {
[%clk 00:00:27]  [%emt 00:00:04]} 53. Kg1 {[%clk 00:00:10]  [%emt 00:00:03]}
53... Rxh7 {[%clk 00:00:27]  [%emt 00:00:08]} 54. Rxh7 {[%clk 00:00:12]} 54...
e1=Q+ {[%clk 00:00:31]  [%emt 00:00:04]} 55. Kh2 {[%clk 00:00:13]} 55... exf5 {
[%clk 00:00:35]} 0-1

[Event "Campeonatos de Espana Universitarios 20"]
[Site "Universidad de Alicante, Spai"]
[Date "2019.04.10"]
[Round "5.7"]
[White "Sanchez Gonzalez, Sergio"]
[Black "Buendia Pinar, Alvaro"]
[Result "1-0"]
[WhiteElo "2358"]
[BlackElo "2256"]
[PlyCount "93"]
[EventDate "2019.??.??"]

1. c4 {[%clk 00:40:06]  [%emt 00:00:08]} 1... Nf6 {
[%clk 00:40:01]  [%emt 00:00:04]} 2. Nf3 {[%clk 00:40:08]  [%emt 00:00:07]}
2... e6 {[%clk 00:40:05]  [%emt 00:00:04]} 3. g3 {
[%clk 00:40:08]  [%emt 00:00:03]} 3... d5 {[%clk 00:40:07]  [%emt 00:00:03]} 4.
d4 {[%clk 00:40:08]  [%emt 00:00:06]} 4... Be7 {
[%clk 00:40:03]  [%emt 00:00:25]} 5. Bg2 {[%clk 00:40:11]} 5... O-O {
[%clk 00:40:04]} 6. O-O {[%clk 00:40:10]} 6... dxc4 {
[%clk 00:40:02]  [%emt 00:00:19]} 7. Qc2 {[%clk 00:40:10]  [%emt 00:00:04]}
7... a6 {[%clk 00:40:06]} 8. a4 {[%clk 00:40:03]} 8... Bd7 {
[%clk 00:39:54]  [%emt 00:00:12]} 9. Rd1 {[%clk 00:40:02]  [%emt 00:00:07]}
9... Bc6 {[%clk 00:38:52]  [%emt 00:01:33]} 10. Nc3 {[%clk 00:39:59]} 10... a5
{[%clk 00:36:26]  [%emt 00:02:11]} 11. e4 {[%clk 00:39:57]  [%emt 00:00:10]}
11... Na6 {[%clk 00:36:12]  [%emt 00:00:16]} 12. Ne5 {
[%clk 00:39:44]  [%emt 00:00:18]} 12... Nb4 {[%clk 00:33:45]  [%emt 00:02:34]}
13. Qe2 {[%clk 00:39:41]  [%emt 00:00:09]} 13... Nd7 {
[%clk 00:31:05]  [%emt 00:02:42]} 14. Nxc4 {[%clk 00:39:15]  [%emt 00:00:30]}
14... Nb8 {[%clk 00:24:40]  [%emt 00:06:34]} 15. Bf4 {
[%clk 00:32:59]  [%emt 00:06:44]} 15... Bg5 {[%clk 00:20:07]  [%emt 00:04:12]}
16. Bxg5 {[%clk 00:29:33]  [%emt 00:03:30]} 16... Qxg5 {
[%clk 00:20:09]  [%emt 00:00:23]} 17. Rac1 {[%clk 00:29:36]} 17... Re8 {
[%clk 00:15:13]  [%emt 00:04:44]} 18. h4 {[%clk 00:28:14]  [%emt 00:01:26]}
18... Qe7 {[%clk 00:14:17]  [%emt 00:01:01]} 19. Qg4 {
[%clk 00:28:08]  [%emt 00:00:16]} 19... Bd7 {[%clk 00:13:32]  [%emt 00:00:46]}
20. e5 {[%clk 00:28:04]  [%emt 00:00:18]} 20... Bc6 {
[%clk 00:11:25]  [%emt 00:02:03]} 21. Ne3 {[%clk 00:17:16]  [%emt 00:10:53]}
21... Bxg2 {[%clk 00:10:32]  [%emt 00:01:06]} 22. Kxg2 {[%clk 00:17:19]} 22...
N8c6 {[%clk 00:08:22]  [%emt 00:02:12]} 23. f4 {
[%clk 00:16:55]  [%emt 00:00:25]} 23... Rad8 {[%clk 00:06:37]  [%emt 00:01:50]}
24. d5 {[%clk 00:16:57]  [%emt 00:00:08]} 24... Nb8 {
[%clk 00:02:36]  [%emt 00:04:02]} 25. Ne4 {[%clk 00:16:53]  [%emt 00:00:11]}
25... Kh8 {[%clk 00:02:32]  [%emt 00:00:08]} 26. d6 {
[%clk 00:16:53]  [%emt 00:00:33]} 26... cxd6 {[%clk 00:02:21]  [%emt 00:00:03]}
27. exd6 {[%clk 00:15:47]  [%emt 00:00:55]} 27... Qf8 {
[%clk 00:02:23]  [%emt 00:00:10]} 28. Qh5 {[%clk 00:14:57]  [%emt 00:00:49]}
28... f6 {[%clk 00:01:05]  [%emt 00:01:25]} 29. Qb5 {
[%clk 00:14:57]  [%emt 00:00:05]} 29... Nd5 {[%clk 00:00:17]  [%emt 00:00:50]}
30. Nxd5 {[%clk 00:12:41]  [%emt 00:02:21]} 30... exd5 {
[%clk 00:00:20]  [%emt 00:00:28]} 31. Qxd5 {[%clk 00:12:44]} 31... Nd7 {
[%clk 00:00:19]} 32. Nf2 {[%clk 00:10:11]  [%emt 00:02:45]} 32... f5 {
[%clk 00:00:14]  [%emt 00:00:04]} 33. Qxa5 {[%clk 00:09:09]  [%emt 00:00:48]}
33... Nf6 {[%clk 00:00:12]  [%emt 00:00:23]} 34. Qxf5 {
[%clk 00:08:41]  [%emt 00:00:17]} 34... Rxd6 {[%clk 00:00:15]  [%emt 00:00:38]}
35. Qc5 {[%clk 00:08:18]  [%emt 00:00:03]} 35... Ra6 {
[%clk 00:00:10]  [%emt 00:00:03]} 36. Qxf8+ {[%clk 00:07:53]  [%emt 00:00:25]}
36... Rxf8 {[%clk 00:00:14]  [%emt 00:00:26]} 37. Rd4 {
[%clk 00:07:36]  [%emt 00:00:16]} 37... h5 {[%clk 00:00:18]} 38. Rc7 {
[%clk 00:07:28]} 38... Rb6 {[%clk 00:00:21]  [%emt 00:00:03]} 39. b4 {
[%clk 00:07:07]  [%emt 00:00:21]} 39... Re8 {[%clk 00:00:25]} 40. a5 {
[%clk 00:06:58]  [%emt 00:00:27]} 40... Rbe6 {[%clk 00:00:29]  [%emt 00:00:08]}
41. Rd2 {[%clk 00:06:09]  [%emt 00:00:35]} 41... Re3 {
[%clk 00:00:24]  [%emt 00:00:17]} 42. Rxb7 {[%clk 00:04:42]  [%emt 00:01:27]}
42... Ra3 {[%clk 00:00:28]  [%emt 00:00:19]} 43. a6 {
[%clk 00:02:22]  [%emt 00:02:04]} 43... Rxa6 {[%clk 00:00:28]  [%emt 00:00:10]}
44. Rb5 {[%clk 00:01:59]  [%emt 00:00:24]} 44... Re3 {
[%clk 00:00:10]  [%emt 00:00:42]} 45. Nh3 {[%clk 00:01:39]  [%emt 00:00:07]}
45... Raa3 {[%clk 00:00:07]  [%emt 00:00:06]} 46. Rd8+ {
[%clk 00:01:36]  [%emt 00:00:11]} 46... Kh7 {[%emt 00:00:10]} 47. Ng5+ 1-0

[Event "Campeonatos de Espana Universitarios 20"]
[Site "Universidad de Alicante, Spai"]
[Date "2019.04.10"]
[Round "6.1"]
[White "Ruperez Benito, Antonio"]
[Black "Suarez Gomez, Julio"]
[Result "0-1"]
[WhiteElo "2341"]
[BlackElo "2449"]
[PlyCount "68"]
[EventDate "2019.??.??"]

1. e4 {[%clk 00:40:09]} 1... c5 {[%clk 00:40:07]} 2. Nf3 {[%clk 00:40:12]} 2...
Nc6 {[%clk 00:40:10]} 3. Bb5 {[%clk 00:40:16]} 3... g6 {
[%clk 00:40:04]  [%emt 00:00:03]} 4. O-O {[%clk 00:40:19]  [%emt 00:00:03]}
4... Bg7 {[%clk 00:39:55]  [%emt 00:00:10]} 5. c3 {
[%clk 00:40:22]  [%emt 00:00:31]} 5... e5 {[%clk 00:39:16]  [%emt 00:00:14]} 6.
d4 {[%clk 00:40:02]  [%emt 00:00:25]} 6... exd4 {
[%clk 00:38:05]  [%emt 00:01:17]} 7. cxd4 {[%clk 00:40:05]  [%emt 00:00:16]}
7... cxd4 {[%clk 00:37:36]  [%emt 00:00:20]} 8. Bf4 {
[%clk 00:39:32]  [%emt 00:00:37]} 8... Nge7 {[%clk 00:36:08]  [%emt 00:01:58]}
9. Bd6 {[%clk 00:38:46]  [%emt 00:00:28]} 9... O-O {
[%clk 00:35:51]  [%emt 00:00:20]} 10. Nbd2 {[%clk 00:37:36]  [%emt 00:01:15]}
10... a6 {[%clk 00:30:27]  [%emt 00:05:30]} 11. Bc4 {
[%clk 00:28:56]  [%emt 00:08:49]} 11... b5 {[%clk 00:30:31]  [%emt 00:00:04]}
12. Bd5 {[%clk 00:27:39]  [%emt 00:01:14]} 12... Nxd5 {
[%clk 00:28:57]  [%emt 00:01:42]} 13. exd5 {[%clk 00:23:34]  [%emt 00:04:09]}
13... Ne7 {[%clk 00:28:55]  [%emt 00:00:07]} 14. Re1 {
[%clk 00:23:17]  [%emt 00:00:20]} 14... Nxd5 {[%clk 00:27:27]  [%emt 00:01:33]}
15. Bxf8 {[%clk 00:23:19]  [%emt 00:00:32]} 15... Qxf8 {[%clk 00:27:32]} 16.
Nb3 {[%clk 00:23:21]} 16... Nf4 {[%clk 00:24:26]  [%emt 00:02:45]} 17. Qd2 {
[%clk 00:19:52]  [%emt 00:03:34]} 17... Ne6 {[%clk 00:24:20]  [%emt 00:00:36]}
18. Nfxd4 {[%clk 00:19:10]  [%emt 00:01:04]} 18... Bb7 {
[%clk 00:23:46]  [%emt 00:00:04]} 19. Ne2 {[%clk 00:18:53]  [%emt 00:00:19]}
19... Rd8 {[%clk 00:22:44]  [%emt 00:01:06]} 20. Rad1 {
[%clk 00:10:56]  [%emt 00:07:59]} 20... h5 {[%clk 00:21:34]  [%emt 00:01:30]}
21. Na5 {[%clk 00:09:03]  [%emt 00:01:45]} 21... Ba8 {
[%clk 00:21:24]  [%emt 00:00:18]} 22. Qd6 {[%clk 00:07:58]  [%emt 00:01:04]}
22... Bxb2 {[%clk 00:20:37]  [%emt 00:00:51]} 23. Qxa6 {
[%clk 00:06:24]  [%emt 00:01:51]} 23... Qb4 {[%clk 00:20:41]} 24. Rb1 {
[%clk 00:02:44]  [%emt 00:03:42]} 24... Be4 {[%clk 00:20:08]  [%emt 00:00:31]}
25. a3 {[%clk 00:01:57]  [%emt 00:00:53]} 25... Qxa3 {
[%clk 00:19:23]  [%emt 00:00:49]} 26. Qxb5 {[%clk 00:02:01]  [%emt 00:00:31]}
26... Bxb1 {[%clk 00:19:10]} 27. Rxb1 {[%clk 00:02:05]} 27... Bg7 {
[%clk 00:18:21]  [%emt 00:00:45]} 28. Nb7 {[%clk 00:02:02]  [%emt 00:00:10]}
28... Rb8 {[%clk 00:17:42]  [%emt 00:00:41]} 29. Ng3 {
[%clk 00:00:20]  [%emt 00:01:46]} 29... Nc5 {[%clk 00:15:15]  [%emt 00:02:31]}
30. Qc4 {[%clk 00:00:24]  [%emt 00:00:08]} 30... Qa7 {
[%clk 00:12:29]  [%emt 00:02:43]} 31. Rb5 {[%clk 00:00:10]  [%emt 00:00:22]}
31... Nxb7 {[%clk 00:12:23]  [%emt 00:00:12]} 32. Qb3 {
[%clk 00:00:14]  [%emt 00:00:03]} 32... d5 {[%clk 00:11:29]  [%emt 00:00:54]}
33. h4 {[%clk 00:00:18]  [%emt 00:00:09]} 33... Be5 {
[%clk 00:11:02]  [%emt 00:00:34]} 34. Qxd5 {[%clk 00:00:17]} 34... Bxg3 {
[%emt 00:00:13]} 0-1

[Event "Campeonatos de Espana Universitarios 20"]
[Site "Universidad de Alicante, Spai"]
[Date "2019.04.10"]
[Round "6.2"]
[White "Taboas Rodriguez, Daniel"]
[Black "Sanchez Saez, Francisco"]
[Result "0-1"]
[WhiteElo "2423"]
[BlackElo "2332"]
[PlyCount "168"]
[EventDate "2019.??.??"]

1. d4 {[%clk 00:40:09]} 1... Nf6 {[%clk 00:37:29]  [%emt 00:02:49]} 2. Nf3 {
[%clk 00:40:12]} 2... g6 {[%clk 00:37:32]} 3. c4 {[%clk 00:40:16]} 3... Bg7 {
[%clk 00:37:36]} 4. Nc3 {[%clk 00:40:20]  [%emt 00:00:08]} 4... O-O {
[%clk 00:37:38]} 5. e4 {[%clk 00:40:23]  [%emt 00:00:10]} 5... d6 {
[%clk 00:37:38]} 6. Be2 {[%clk 00:40:27]} 6... Nbd7 {[%clk 00:37:41]} 7. O-O {
[%clk 00:40:20]  [%emt 00:00:08]} 7... e5 {[%clk 00:37:44]  [%emt 00:00:07]} 8.
Be3 {[%clk 00:40:24]} 8... Ng4 {[%clk 00:37:06]  [%emt 00:00:39]} 9. Bg5 {
[%clk 00:40:27]  [%emt 00:00:36]} 9... f6 {[%clk 00:37:09]} 10. Bh4 {
[%clk 00:40:30]} 10... Nh6 {[%clk 00:37:12]} 11. Rc1 {
[%clk 00:36:21]  [%emt 00:03:46]} 11... Nf7 {[%clk 00:36:28]  [%emt 00:00:49]}
12. b4 {[%clk 00:36:12]  [%emt 00:00:34]} 12... g5 {
[%clk 00:34:38]  [%emt 00:01:33]} 13. Bg3 {[%clk 00:36:15]  [%emt 00:00:34]}
13... h5 {[%clk 00:34:41]} 14. dxe5 {[%clk 00:34:23]  [%emt 00:01:30]} 14...
fxe5 {[%clk 00:33:51]  [%emt 00:00:53]} 15. h3 {
[%clk 00:34:12]  [%emt 00:00:36]} 15... Nf6 {[%clk 00:33:19]  [%emt 00:00:17]}
16. c5 {[%clk 00:33:37]  [%emt 00:00:38]} 16... Be6 {
[%clk 00:31:57]  [%emt 00:01:30]} 17. cxd6 {[%clk 00:33:33]  [%emt 00:00:16]}
17... cxd6 {[%clk 00:32:00]} 18. Nd5 {[%clk 00:32:15]  [%emt 00:01:17]} 18...
Nxd5 {[%clk 00:30:27]  [%emt 00:01:36]} 19. exd5 {
[%clk 00:32:18]  [%emt 00:00:27]} 19... Bf5 {[%clk 00:30:30]} 20. Nd2 {
[%clk 00:30:41]  [%emt 00:01:21]} 20... h4 {[%clk 00:27:53]  [%emt 00:02:39]}
21. Bh2 {[%clk 00:30:44]  [%emt 00:00:03]} 21... Qd7 {
[%clk 00:27:18]  [%emt 00:00:40]} 22. Bg4 {[%clk 00:30:23]  [%emt 00:00:33]}
22... Rac8 {[%clk 00:23:46]  [%emt 00:03:31]} 23. Bxf5 {
[%clk 00:29:33]  [%emt 00:00:57]} 23... Qxf5 {[%clk 00:23:48]  [%emt 00:00:04]}
24. Qg4 {[%clk 00:29:28]  [%emt 00:00:05]} 24... Nh6 {
[%clk 00:23:28]  [%emt 00:00:27]} 25. Qxf5 {[%clk 00:29:19]  [%emt 00:00:15]}
25... Nxf5 {[%clk 00:23:32]  [%emt 00:00:09]} 26. Ne4 {
[%clk 00:29:09]  [%emt 00:00:05]} 26... Bh6 {[%clk 00:22:37]  [%emt 00:01:00]}
27. g4 {[%clk 00:26:19]  [%emt 00:03:11]} 27... hxg3 {
[%clk 00:21:54]  [%emt 00:00:31]} 28. Bxg3 {[%clk 00:26:16]  [%emt 00:00:33]}
28... Kf7 {[%clk 00:18:53]  [%emt 00:02:42]} 29. Kh2 {
[%clk 00:18:58]  [%emt 00:07:25]} 29... Ke7 {[%clk 00:18:08]  [%emt 00:00:50]}
30. a4 {[%clk 00:16:04]  [%emt 00:02:58]} 30... Kd7 {
[%clk 00:17:11]  [%emt 00:01:00]} 31. Rfd1 {[%clk 00:10:59]  [%emt 00:05:10]}
31... Rxc1 {[%clk 00:16:15]  [%emt 00:01:01]} 32. Rxc1 {
[%clk 00:11:01]  [%emt 00:00:19]} 32... g4 {[%clk 00:16:19]} 33. Rc4 {
[%clk 00:09:32]  [%emt 00:01:19]} 33... gxh3 {[%clk 00:16:20]  [%emt 00:00:12]}
34. Kxh3 {[%clk 00:09:10]  [%emt 00:00:22]} 34... Ne7 {
[%clk 00:15:53]  [%emt 00:00:29]} 35. Nc3 {[%clk 00:08:47]  [%emt 00:00:36]}
35... Rf3 {[%clk 00:15:07]  [%emt 00:00:46]} 36. Kg4 {
[%clk 00:08:09]  [%emt 00:00:41]} 36... Rd3 {[%clk 00:14:59]  [%emt 00:00:11]}
37. Kh5 {[%clk 00:06:55]  [%emt 00:01:24]} 37... Bd2 {
[%clk 00:14:35]  [%emt 00:00:25]} 38. Nb5 {[%clk 00:06:22]  [%emt 00:01:02]}
38... Nxd5 {[%clk 00:13:15]  [%emt 00:01:04]} 39. Nxa7 {
[%clk 00:06:24]  [%emt 00:00:04]} 39... Ke6 {[%clk 00:13:17]  [%emt 00:00:04]}
40. b5 {[%clk 00:06:18]  [%emt 00:00:08]} 40... Kf5 {
[%clk 00:12:41]  [%emt 00:00:39]} 41. Nc8 {[%clk 00:05:49]  [%emt 00:00:57]}
41... Nf6+ {[%clk 00:10:15]  [%emt 00:02:08]} 42. Kh4 {
[%clk 00:05:53]  [%emt 00:00:07]} 42... Ne4 {[%clk 00:10:14]  [%emt 00:00:20]}
43. Ne7+ {[%clk 00:05:23]  [%emt 00:00:16]} 43... Ke6 {
[%clk 00:10:07]  [%emt 00:00:14]} 44. Rxe4 {[%clk 00:05:25]  [%emt 00:00:04]}
44... Kxe7 {[%clk 00:09:57]  [%emt 00:00:13]} 45. f4 {
[%clk 00:04:52]  [%emt 00:00:36]} 45... Ke6 {[%clk 00:05:24]  [%emt 00:04:38]}
46. fxe5 {[%clk 00:04:47]  [%emt 00:00:25]} 46... Kf5 {
[%clk 00:04:59]  [%emt 00:00:19]} 47. Rg4 {[%clk 00:01:55]  [%emt 00:02:54]}
47... dxe5 {[%clk 00:04:56]  [%emt 00:00:40]} 48. Rg7 {[%clk 00:01:55]} 48...
b6 {[%clk 00:03:38]  [%emt 00:00:56]} 49. Rf7+ {
[%clk 00:01:02]  [%emt 00:00:57]} 49... Ke6 {[%clk 00:03:03]  [%emt 00:00:45]}
50. Rf8 {[%clk 00:01:05]  [%emt 00:00:04]} 50... Bc3 {
[%clk 00:01:32]  [%emt 00:01:29]} 51. Re8+ {[%clk 00:00:19]  [%emt 00:00:51]}
51... Kf5 {[%clk 00:01:31]  [%emt 00:00:08]} 52. Rf8+ {
[%clk 00:00:22]  [%emt 00:00:03]} 52... Ke6 {[%clk 00:01:13]  [%emt 00:00:31]}
53. Re8+ {[%clk 00:00:24]} 53... Kf5 {[%clk 00:00:44]  [%emt 00:00:29]} 54.
Rf8+ {[%clk 00:00:28]  [%emt 00:00:04]} 54... Ke4 {[%clk 00:00:48]} 55. Re8 {
[%clk 00:00:19]  [%emt 00:00:09]} 55... Bd4 {[%clk 00:00:33]  [%emt 00:00:29]}
56. Kg4 {[%clk 00:00:20]} 56... Ra3 {[%clk 00:00:36]} 57. Ra8 {
[%clk 00:00:19]  [%emt 00:00:05]} 57... Kd3 {[%clk 00:00:32]  [%emt 00:00:09]}
58. Kf3 {[%clk 00:00:07]  [%emt 00:00:15]} 58... e4+ {
[%clk 00:00:29]  [%emt 00:00:13]} 59. Kg2 {[%clk 00:00:11]} 59... Ra2+ {
[%clk 00:00:31]  [%emt 00:00:04]} 60. Kh3 {[%clk 00:00:12]  [%emt 00:00:03]}
60... e3 {[%clk 00:00:30]  [%emt 00:00:03]} 61. Kg4 {[%clk 00:00:16]} 61... e2
{[%clk 00:00:30]  [%emt 00:00:08]} 62. Kf3 {[%clk 00:00:16]  [%emt 00:00:10]}
62... Ra1 {[%clk 00:00:30]} 63. Re8 {[%clk 00:00:18]  [%emt 00:00:03]} 63...
Rf1+ {[%clk 00:00:30]  [%emt 00:00:04]} 64. Kg2 {
[%clk 00:00:21]  [%emt 00:00:08]} 64... Rf5 {[%clk 00:00:29]} 65. Be1 {
[%clk 00:00:22]  [%emt 00:00:04]} 65... Be3 {[%clk 00:00:28]  [%emt 00:00:07]}
66. Rd8+ {[%clk 00:00:23]  [%emt 00:00:07]} 66... Bd4 {[%clk 00:00:31]} 67. a5
{[%clk 00:00:24]  [%emt 00:00:03]} 67... bxa5 {[%clk 00:00:31]  [%emt 00:00:04]
} 68. Bxa5 {[%clk 00:00:28]} 68... Rxb5 {[%clk 00:00:34]  [%emt 00:00:04]} 69.
Be1 {[%clk 00:00:32]} 69... Rg5+ {[%clk 00:00:37]  [%emt 00:00:06]} 70. Kf3 {
[%clk 00:00:33]  [%emt 00:00:04]} 70... Rf5+ {[%clk 00:00:40]} 71. Kg2 {
[%clk 00:00:36]} 71... Rf1 {[%clk 00:00:40]  [%emt 00:00:13]} 72. Bb4 {
[%clk 00:00:38]  [%emt 00:00:07]} 72... Rb1 {[%clk 00:00:39]} 73. Ba5 {
[%clk 00:00:41]} 73... Rg1+ {[%clk 00:00:19]  [%emt 00:00:21]} 74. Kf3 {
[%clk 00:00:45]} 74... Rf1+ {[%clk 00:00:23]  [%emt 00:00:05]} 75. Kg2 {
[%clk 00:00:49]} 75... Ra1 {[%clk 00:00:27]} 76. Bb4 {
[%clk 00:00:53]  [%emt 00:00:03]} 76... Kc4 {[%clk 00:00:31]} 77. Bd2 {
[%clk 00:00:52]  [%emt 00:00:06]} 77... Bb6 {[%clk 00:00:18]  [%emt 00:00:20]}
78. Rd7 {[%clk 00:00:51]  [%emt 00:00:03]} 78... Rd1 {
[%clk 00:00:18]  [%emt 00:00:05]} 79. Re7 {[%clk 00:00:23]  [%emt 00:00:28]}
79... Rxd2 {[%clk 00:00:21]  [%emt 00:00:09]} 80. Kf3 {[%clk 00:00:27]} 80...
Kd3 {[%clk 00:00:20]  [%emt 00:00:05]} 81. Re6 {
[%clk 00:00:17]  [%emt 00:00:12]} 81... Bd4 {[%clk 00:00:21]  [%emt 00:00:34]}
82. Re8 {[%clk 00:00:18]} 82... Rd1 {[%clk 00:00:17]  [%emt 00:00:07]} 83. Rxe2
{[%clk 00:00:08]} 83... Rf1+ {[%clk 00:00:21]} 84. Kg2 {[%clk 00:00:12]} 84...
Kxe2 {[%clk 00:00:24]} 0-1